| 000 | 00387nam a2200157Ia 4500 | ||
|---|---|---|---|
| 008 | 180207s9999 xx 000 0 und d | ||
| 020 | _a9780600867249 | ||
| 050 | _bC719 2008 | ||
| 245 | _aColors with crocodile / | ||
| 260 | _aNashville, Tennessee : | ||
| 260 | _bThe Clever Factory, | ||
| 260 | _c2008 | ||
| 300 | _aunpaged : | ||
| 300 | _bcolor illustration ; | ||
| 300 | _c19cm. | ||
| 999 |
_c355706 _d355706 |
||